000 00522nam a2200181Ia 4500
003 GCL
008 140319s9999 xx 000 0 eng d
040 _aGCL /
_cGCL
082 0 4 _aCC
_b291.3732
_bL I
100 1 _aLURKER, MANFRED
245 1 0 _aAN ILLUSTRATED DICTIONARY OF THE GODS AND SYMBOLS OF ANCIENT EGYPT /
_cLURKER, MANFRED
260 _a[S.N] :
_bTHAMES AND HUDSON ،
_c1995
300 _a142
650 0 4 _aANCIENT EGYPT
650 0 4 _aANCIENT EGYPTIAN, RELIGION
650 0 4 _aEGYPTIAN GODS
942 _2ddc
_cBK
999 _c10917
_d10917